Culture Générale - Série 885 - Statistiques

Statistiques générales
  • Ce quiz a été pris 108 fois
  • Le résultat moyen est 6 sur 10
Statistiques - réponses
Question Réponse % Correct
Logement aménagé dans un ancien atelier, entrepôt, voire une usine loft
88%
Sur quelle île de l'océan Indien se trouvent le piton des Neiges et le piton de la Fournaise ? Réunion
84%
Dans quel pays d'Amérique du Sud se situe la ville de Récife ou Recife ? Brésil
82%
Dans quelle commune des Hauts-de-Seine habitent les Malakoffiotes ? Malakoff
81%
Spécialité des cuisines grecque et turque, à base d'œufs de poissons, et souvent mangée, en France, sur des blinis tarama
67%
Sous quel nom désigne-t-on également l'uvule, petite excroissance de chair qui pend à l'entrée de la gorge luette
63%
Dans quelle île est née Joséphine de Beauharnais ? Martinique
51%
Ce poisson de mer s'appelle aussi "grondin" rouget
17%
Dans la mythologie grecque, c'est le vent du Nord et aussi une commune de l'Ardèche Borée
16%
Chenal étroit dont la longueur peut atteindre plusieurs kilomètres et contenant de l'eau provenant de la mer. étier
16%
Aucun quiz correspondant
Distribution des résultats
% des personnes avec chaque résultat
Percentile par nombre de réponses
Votre historique - résultats
Vous n’avez pas pris ce quiz